000 00461nam a22001937a 4500
003 MPLRDC
005 20220104142344.0
008 210129b ||||| |||| 00| 0 eng d
020 _a957-607-238-7
082 _a848.2 CYF-5 c.2
100 _a曹又方著
245 _a爱情EQ
_c
250 _a二十九刷
260 _a
_b圆神出版社
_c1996
300 _b
490 _a圆神丛书;198
650 _a现代别集
942 _cBK
_o848.2 CYF-5 c.2
999 _c30154
_d30144